000 00255nam a22001097a 4500
008 170124b xxu||||| |||| 00| 0 eng d
020 _a9780130304575
041 _aeng
080 _a618.2
245 _aMEDICAL-SURGICAL NURSING
_cHOGAN, A.M
942 _2udc
_cBK
999 _c3465
_d3465